000 00299nam a22001337a 4500
008 180309b xxu||||| |||| 00| 0 eng d
020 _a9780700609369
041 _aeng
080 _a321
100 _a19
101 _aSHP
245 _aCulture Wars & Local Politics
_cSharp, E.B
942 _2udc
_cBK
999 _c44528
_d44528